Notre-Dame de Paris
Gardado en:
| Main Authors: | , |
|---|---|
| Formato: | Libro |
| Idioma: | francés |
| Publicado: |
París
Hachette
1956
|
| Subjects: | |
| Tags: |
Engadir etiqueta
Sen Etiquetas, Sexa o primeiro en etiquetar este rexistro!
|
MARC
| LEADER | 00000nam a2200000 a 4500 | ||
|---|---|---|---|
| 001 | UCP9843 | ||
| 003 | CL-VaPUC | ||
| 008 | 000407e19560000FR |||||||||||||||||fre|d | ||
| 082 | 0 | 4 | |a 726.64 |b AUZ |2 21 |
| 100 | 0 | |a Auzas, Pierre Marie |e author |9 440717 | |
| 700 | 0 | |a Le Boyer, Nöel |e author |9 440718 | |
| 245 | 1 | 0 | |a Notre-Dame de Paris |
| 300 | |a 105 p | ||
| 942 | |c BK | ||
| 945 | |d 20000407 00:00:00 |a crobeson | ||
| 260 | |a París |b Hachette |c 1956 | ||
| 500 | |a Incluye láminas | ||
| 650 | 7 | |a CATEDRALES |2 CL-VaPUC |9 267660 | |
| 650 | 0 | |a Arquitectura francesa |9 345070 | |
| 583 | |a last modification |c 20000407 00:00:00 |k Rodrigo Vera | ||
| 999 | |c 286624 |d 286622 | ||
| 952 | |0 0 |1 0 |4 0 |6 726_640000000000000_AUZ_1956 |7 0 |8 X |9 332661 |a BIBHIS |b BIBHIS |d 2019-11-20 |i 1398598 |o 726.64 AUZ 1956 |p 1398598 |r 2024-01-30 |w 2019-11-20 |y BK_X |k HIS | ||